03322cam a2200361 i 450000100090000000300090000900500170001800800410003502000180007602000260009404000510012008200220017110000420019324500840023526400410031926400100036030000290037033600260039933700280042533800270045350400520048050507900053250600430132252012670136565000450263265000360267765100100271365300230272365500240274694200120277099900170278295201610279911320131EG-ScBUE20241017093248.0121227t1982 nyu f b 001 0 eng d a9781461257028 a9781461257028 (print) aEG-ScBUEbengerdacEG-ScBUEdWaSeSSdEG-ScBUE04a515.7246222bKAT1 aKatō, Tosio,d1917-eauthor.93836212aA short introduction to perturbation theory for linear operators /cTosio Kato. 1aNew York :bSpringer-Verlag,c[1982] 4cc1982 axiii, 161 pages ;c25 cm 2rdacontentatextbtxt aunmediated2rdamediabn avolumebnc2rdacarrier aIncludes bibliographical references and index. 0 aOne Operator theory in finite-dimensional vector spaces -- {sect} 1. Vector spaces and normed vector spaces -- {sect} 2. Linear forms and the adjoint space -- {sect} 3. Linear operators -- {sect} 4. Analysis with operators -- {sect} 5. The eigenvalue problem -- {sect} 6. Operators in unitary spaces -- {sect} 7. Positive matrices -- Two Perturbation theory in a finite-dimensional space -- {sect} 1. Analytic perturbation of eigenvalues -- {sect} 2. Perturbation series -- {sect} 3. Convergence radii and error estimates -- {sect} 4. Similarity transformations of the eigenspaces and eigenvectors -- {sect} 5. Non-analytic perturbations -- {sect} 6. Perturbation of symmetric operators -- {sect} 7. Perturbation of (essentially) nonnegative matrices -- Notation index -- Author index. aLicense restrictions may limit access. aThis book is a slightly expanded reproduction of the first two chapters (plus Introduction) of my book Perturbation Theory tor Linear Operators, Grundlehren der mathematischen Wissenschaften 132, Springer 1980. Ever since, or even before, the publication of the latter, there have been suggestions about separating the first two chapters into a single volume. I have now agreed to follow the suggestions, hoping that it will make the book available to a wider audience. Those two chapters were intended from the outset to be a comprehen sive presentation of those parts of perturbation theory that can be treated without the topological complications of infinite-dimensional spaces. In fact, many essential and. even advanced results in the theory have non trivial contents in finite-dimensional spaces, although one should not forget that some parts of the theory, such as those pertaining to scatter ing. are peculiar to infinite dimensions. I hope that this book may also be used as an introduction to linear algebra. I believe that the analytic approach based on a systematic use of complex functions, by way of the resolvent theory, must have a strong appeal to students of analysis or applied mathematics, who are usually familiar with such analytic tools. 7aPerturbation (Mathematics)2BUEsh936431 7aLinear operators.2BUEsh922996 2BUEsh bENGGENcAugust2015 vReading book934232 2ddccBB c20564d20536 00102ddc40708BaccahaMAINbMAINc1STd2015-08-17ePurchaseg1150.00h23376l1m13o515.7246 KATp000039760r2025-07-15 00:00:00s2015-08-19v1437.50yBB